Optics And Optical Instrument. (Record no. 8349)

MARC details
000 -LEADER
fixed length control field 00493nam a22001937a 4500
003 - CONTROL NUMBER IDENTIFIER
control field OSt
005 - DATE AND TIME OF LATEST TRANSACTION
control field 20240601122652.0
008 - FIXED-LENGTH DATA ELEMENTS--GENERAL INFORMATION
fixed length control field 240601b |||||||| |||| 00| 0 eng d
020 ## - INTERNATIONAL STANDARD BOOK NUMBER
International Standard Book Number 0486606422
040 ## - CATALOGING SOURCE
Transcribing agency DDC
082 ## - DEWEY DECIMAL CLASSIFICATION NUMBER
Classification number 535 JOH 1960.
100 ## - MAIN ENTRY--PERSONAL NAME
Relator code Johnson B.K,
245 ## - TITLE STATEMENT
Title Optics And Optical Instrument.
260 ## - PUBLICATION, DISTRIBUTION, ETC. (IMPRINT)
Place of publication, distribution, etc. New York,
Name of publisher, distributor, etc. Dover Publications,
Date of publication, distribution, etc. 1960.
300 ## - PHYSICAL DESCRIPTION
Extent viii,224p,
Other physical details ill,
Dimensions 20.2cm.
504 ## - BIBLIOGRAPHY, ETC. NOTE
Bibliography, etc Appendix,index.
600 ## - SUBJECT ADDED ENTRY--PERSONAL NAME
Dates associated with a name Physics.
9 (RLIN) 16995
942 ## - ADDED ENTRY ELEMENTS (KOHA)
Source of classification or shelving scheme Dewey Decimal Classification
Koha item type Open Shelf
Holdings
Withdrawn status Lost status Source of classification or shelving scheme Damaged status Not for loan Home library Current library Source of acquisition Inventory number Total Checkouts Full call number Barcode Date last seen Koha item type
    Dewey Decimal Classification     MUST Main Library MUST Main Library Purchase 07/29196   535 JOH 1960. 2024-20208 01/06/2024 Open Shelf